| 000 | 00905nam a2200277Ia 4500 | ||
|---|---|---|---|
| 001 | Para_935 | ||
| 003 | CHAP | ||
| 008 | 220125s1993 xx 000 0 und d | ||
| 010 | _a199726 | ||
| 040 | _cCHAP | ||
| 090 | _aPA TESIS 900 | ||
| 100 |
_aRíos Cuevas, Beatriz Yolanda _9164902 |
||
| 245 |
_aEnsayos uniformes de frijol (Phaseolus vulgaris L.) bajo condiciones de riego y temporal en la zona norte de Guanajuato / _c por Beatriz Yolanda Ríos Cuevas |
||
| 260 |
_aUruapan, Mich. : _b El autor |
||
| 300 | _a48 h. | ||
| 502 | _aTesis (Ing. Agr. Esp. en Parasitología) UMSNH. Fac. Agrobiología, Pres. Juarez | ||
| 650 |
_aFrijol _943319 |
||
| 710 |
_aUMSNH. Facultad de Agrobiología _9164898 |
||
| 901 | _aPA TESIS 900 | ||
| 902 | _aA | ||
| 905 | _a0000001993 0000000000 00 | ||
| 910 | _a1993 | ||
| 942 | _cPARA | ||
| 942 |
_cPARA _d1 |
||
| 999 |
_c199726 _d199726 |
||